[Event "Puget Sound League"]
[Site "?"]
[Date "1971.02.09"]
[Round "5.2"]
[White "Bailey, B."]
[Black "LeCompte, G."]
[Result "0-1"]
[WhiteElo "1997"]
[BlackElo "2021"]
[Annotator "Stockfish 12 (15s)"]
[PlyCount "78"]
[EventDate "1971.??.??"]

{C10: French with 3 Nc3: Unusual Black 3rd moves and 3...dxe4} 1. e4 e6 2. d4
d5 3. Nd2 dxe4 4. Nxe4 Nd7 5. Nf3 Ngf6 6. Nxf6+ Nxf6 7. Bd3 c5 8. c3 Bd7 (8...
cxd4 9. Nxd4 Bc5 10. O-O Bxd4 11. Qa4+ Bd7 12. Qxd4 Bc6 13. Qxd8+ Rxd8 14. Be2
Nd5 15. a4 O-O 16. Rd1 Ra8 17. a5 Rfc8 18. Bd2 Ne7 19. c4 Nf5 20. Bc3 f6 21. b4
e5 22. Bb2 Rab8 23. c5 {
Melamed,T (2320)-Edzgveradze,N (2305) Moscow 1996 1/2-1/2}) 9. Ne5 $146 (9. Be3
Qc7 10. Nd2 Rd8 11. Qe2 a6 12. Nb3 cxd4 13. Nxd4 Be7 14. O-O e5 15. Nf5 Bxf5
16. Bxf5 O-O 17. Rad1 g6 18. Bc2 Kg7 19. Bb3 h5 20. f3 Bc5 21. Qf2 Bxe3 22.
Qxe3 Rh8 23. Qe2 Qc5+ {Giessler,K-De Blecourt,S Duisburg 1992 1/2-1/2 (57)}) (
9. O-O Be7 (9... Qc7 10. Be3 c4 11. Be2 Bd6 12. Qc2 Bc6 13. h3 O-O 14. b3 Be4
15. Qd2 b5 16. Qc1 Rfc8 17. b4 a5 18. a3 Nd5 19. Nd2 Bg6 20. Bf3 Bd3 21. Re1
axb4 22. axb4 Qc6 23. Ne4 Rxa1 24. Qxa1 {
Mueller,W-Bracjunova,V Rimavska Sobota 1992 1-0 (42)}) 10. Bg5 (10. Qe2 O-O 11.
Bg5 Bc6 12. dxc5 Nd5 13. Bxe7 Qxe7 14. Qc2 Nf6 15. Ng5 h6 16. Ne4 Nxe4 17. Bxe4
Qxc5 18. Bxc6 Qxc6 19. Rad1 Rfd8 20. Rd2 {
1/2-1/2 (20) Senff,M-Reinoehl,C Bochum 1992}) 10... cxd4 11. Nxd4 Qa5 12. Bh4
Qh5 13. Qxh5 Nxh5 14. Bxe7 Kxe7 15. Rfe1 g6 16. Rad1 Nf6 17. Be2 Rac8 18. Bf3
Rc7 19. h3 Rd8 20. Re3 a6 21. Red3 Ke8 22. Kh2 h5 23. g4 hxg4 {
Mendes,A (2003)-Nanques,H Lisbon 2003 0-1 (72)}) (9. dxc5 $5 Bxc5 10. Ne5 $11)
9... cxd4 $11 10. Nxd7 (10. cxd4 $5 Bb4+ 11. Bd2 Bxd2+ 12. Qxd2 $11) 10... Qxd7
$15 (10... Nxd7 $143 11. Bd2 $11) 11. cxd4 Bb4+ 12. Bd2 Bxd2+ 13. Qxd2 O-O 14.
O-O Rfd8 15. Rad1 (15. Rfd1 Rac8 $17) 15... Rac8 16. Rfe1 g6 17. Qg5 $4 (17.
Be2 $142 $17) 17... Kg7 $19 18. Bf1 (18. Be4 Rc4 19. Bf3 Rxd4 20. g3 $19) 18...
a6 (18... Qa4 $142 19. b3 Qxa2 $19) 19. Qd2 $17 Qd5 20. b3 Ne4 21. Qb2 Kg8 (
21... Nc3 22. Rd2 b5 23. Rd3 $17) 22. Bc4 Qh5 23. f3 (23. a4 $17) 23... Nd6 (
23... Nf6 $142 $17) 24. Re5 $4 (24. d5 $142 b5 25. Bf1 exd5 26. Re5 $11) 24...
Nxc4 $19 25. bxc4 Qxe5 $3 26. dxe5 Rxd1+ 27. Kf2 Rd7 (27... Rxc4 28. a3 $19)
28. Qb4 (28. a4 Rxc4 29. a5 Kg7 $19) 28... Rc6 (28... b5 $5 29. cxb5 Rc2+ 30.
Ke3 axb5 31. g4 $19) 29. Ke3 (29. h4 h5 $19) 29... Kg7 30. h4 h5 31. g4 Rdc7 $4
(31... hxg4 $142 32. fxg4 b6 $19) 32. Kd4 $4 (32. gxh5 $142 Rxc4 33. Qd6 $11)
32... Rd7+ (32... Rxc4+ $142 33. Qxc4 Rxc4+ 34. Kxc4 g5 $19) 33. Kc3 (33. Ke3
hxg4 34. fxg4 $19) 33... b5 (33... hxg4 $142 34. fxg4 b5 $19) 34. Qa5 (34. c5
hxg4 35. h5 gxh5 36. Qf4 Rxc5+ 37. Kb2 $19) 34... Rxc4+ 35. Kb3 Rd3+ 36. Kb2
Ra4 37. Qc7 Rxf3 38. gxh5 gxh5 (38... Rb4+ 39. Kc1 Rc4+ 40. Qxc4 bxc4 41. hxg6
fxg6 42. Kd2 Rf7 43. a3 Rc7 44. Kc3 Rc8 45. a4 a5 46. h5 gxh5 47. Kb2 c3+ 48.
Kc2 Rc7 49. Kd3 c2 50. Ke2 c1=Q 51. Kf3 Rc3+ 52. Kg2 Qd2+ 53. Kf1 Rc1#) 39. Qe7
Rg4 (39... Rg4 40. Qc5 Rg2+ 41. Qc2 Rxc2+ 42. Kxc2 Rh3 43. Kd2 Rxh4 44. Ke2 Ra4
45. a3 Rxa3 46. Kf2 b4 47. Ke2 h4 48. Kd2 h3 49. Ke2 h2 50. Kd2 h1=Q 51. Kc2
Qe1 52. Kb2 Qc3+ 53. Kb1 Ra1#) 0-1

[Event "Alternates Cup"]
[Site "?"]
[Date "1971.02.13"]
[Round "1"]
[White "Bailey, B."]
[Black "Hickey, P."]
[Result "0-1"]
[WhiteElo "1997"]
[BlackElo "2011"]
[Annotator "Stockfish 13 (15s)"]
[PlyCount "74"]
[EventDate "1971.??.??"]

{B47: Sicilian: Taimanov: 5 Nc3 Qc7 6 f4, 6 g3 and 6 Be2} 1. e4 e6 2. d4 c5 3.
Nf3 cxd4 4. Nxd4 Nc6 5. Nc3 Qc7 6. Ndb5 Qb8 7. g3 a6 8. Nd4 Bb4 $146 (8... Nf6
9. Bg2 Bb4 (9... Bc5 10. Nb3 Be7 11. O-O b5 12. Re1 d6 13. Bf4 Ne5 14. a4 b4
15. Ne2 O-O 16. Ned4 Qc7 17. Qe2 Bb7 18. Rad1 g6 19. h3 Rfe8 20. Bc1 Nc4 21.
Nd2 Nb6 22. a5 Nbd7 23. Nc4 Rac8 24. b3 {
Iordachescu,V (2450)-Oratovsky,M (2485) Matinhos 1994 0-1 (40)}) (9... Be7 10.
O-O O-O 11. Be3 (11. Kh1 Rd8 12. Bg5 h6 13. Be3 Na5 14. Qe2 Qc7 15. Rad1 Rb8
16. f4 d5 17. e5 Nd7 18. Qg4 Bf8 19. Nxe6 fxe6 20. Qxe6+ Kh8 21. Bxd5 Nf6 22.
Qb6 Ne8 23. Qxc7 Nxc7 24. Bb6 Nxd5 25. Bxa5 b6 {
Teske,E-Speer,A Lippstadt 1962 0-1}) 11... d6 12. h3 Nd7 13. f4 Na5 14. Qe2 Qc7
15. Kh2 Nc4 16. Bc1 Rb8 17. b3 Na5 18. Bb2 b5 19. Rad1 Bb7 20. Ba1 Nb6 21. Qg4
g6 22. f5 e5 23. fxg6 hxg6 24. Rxf7 {
Gallego,A (2198)-Gil,C (1800) Cali 2005 0-1 (38)}) 10. O-O O-O 11. Nde2 Be7 12.
h3 b5 13. Bf4 d6 14. g4 b4 15. Na4 Qc7 16. c4 bxc3 17. Nexc3 Bb7 18. Rc1 Qa5
19. a3 Ne5 20. b4 Qd8 21. Qd4 Nfd7 22. Rfd1 Rc8 23. Bg3 {
Popov,V-Jansa,V Helsinki 1961 1/2-1/2 (43)}) (8... d6 9. Bg2 Bd7 10. O-O Nf6
11. Be3 Be7 12. a4 O-O 13. f4 Bd8 14. Nb3 Na5 15. Nxa5 Bxa5 16. e5 Bxc3 17.
bxc3 dxe5 18. fxe5 Nd5 19. Bc5 Rc8 20. Rxf7 Rxc5 21. Rxd7 Qxe5 22. Qd4 Qxd4+
23. cxd4 {Garcia,G (2400)-Zapata,A (2515) Columbia 1986 1-0 (41)}) (8... Nf6 9.
Bg2 $11) 9. a3 Bxc3+ 10. bxc3 Nf6 11. Bg2 O-O 12. O-O (12. Rb1 h6 $11) 12... d5
(12... e5 13. Nf5 d5 14. exd5 Bxf5 15. dxc6 bxc6 16. Re1 $11) 13. exd5 $14 Nxd5
$4 (13... exd5 14. Bf4 Qa7 $16) 14. Bb2 $4 (14. Nxc6 $142 bxc6 15. c4 $18)
14... Ne5 15. Rb1 (15. Nf5 $1 Nb6 16. Ne7+ Kh8 17. Qh5 $11) 15... Qc7 (15...
Nc4 $142 16. Re1 Qc7 17. Bxd5 exd5 $15) 16. Ne2 $4 (16. Nf5 $142 Nc4 17. Qd4
$17) 16... Rd8 $19 17. Qc1 (17. Qe1 b5 $19) 17... Nc4 (17... b5 18. a4 bxa4 19.
Qg5 $19) 18. Rd1 b5 19. Rd4 (19. Nf4 Bb7 20. Nxd5 Bxd5 21. Bxd5 Rxd5 22. Rxd5
exd5 23. Qd1 $19) 19... Bb7 20. Qd1 (20. Qf1 e5 21. Rd3 Ndb6 $19) 20... Rdc8 (
20... Nde3 $142 21. fxe3 Bxg2 $19) 21. Bc1 Qe7 (21... Ndb6 $142 22. Qf1 e5 $19)
22. Bxd5 $4 (22. a4 Nf6 23. Rd7 Qxd7 24. Qxd7 Nxd7 25. Bxb7 bxa4 26. Bxa8 Rxa8
27. Nf4 $19) 22... Bxd5 23. Nf4 Bc6 (23... Bb7 24. Nd3 e5 25. Rh4 $19) 24. a4 (
24. Ng2 e5 25. Qe2 Bb7 $19) 24... Ne5 25. Rd3 (25. Kf1 Nf3 26. Rd3 Rd8 $19)
25... Rd8 (25... Nxd3 $142 26. cxd3 bxa4 27. Ra1 $19) 26. Rxd8+ (26. axb5 axb5
27. Qe2 Nxd3 28. Nxd3 Qf6 $19) 26... Rxd8 27. Qe2 (27. Nd3 Qd7 28. axb5 axb5
29. Bf4 Nf3+ 30. Kf1 $19) 27... Nf3+ 28. Kf1 Nxh2+ 29. Kg1 Nf3+ 30. Kf1 Nh2+ (
30... Qg5 $142 31. Ng2 Qd5 32. Bg5 Nxg5 33. f3 Nxf3 34. Rb4 Nh2+ 35. Kg1 $19)
31. Kg1 Bf3 (31... Nf3+ $142 32. Kf1 Qg5 33. Ng2 $19) 32. Ba3 (32. Qe1 Rd1 33.
Qxd1 Bxd1 34. Kxh2 Bxc2 $19) 32... Qxa3 33. Qe3 Qxa4 34. Kxh2 Qxc2 35. Re1 (35.
Rf1 Bb7 $19) 35... Qd2 36. Qb6 g6 37. Nxe6 (37. Rb1 $19) 37... Qh6+ (37... Qh6+
38. Kg1 Qh1#) 0-1

[Event "Alternates Cup"]
[Site "?"]
[Date "1971.02.13"]
[Round "2"]
[White "Bailey, B."]
[Black "Alexandro, F."]
[Result "1/2-1/2"]
[WhiteElo "1997"]
[BlackElo "1983"]
[Annotator "Stockfish 13 (15s)"]
[PlyCount "52"]
[EventDate "1971.??.??"]

{B92: Sicilian Najdorf: 6 Be2} 1. e4 c5 2. Nf3 d6 3. d4 cxd4 4. Nxd4 Nf6 5. Nc3
a6 6. Be2 b5 7. Bf3 e5 8. Nb3 Bb7 9. Bg5 (9. O-O Be7 10. Nd5 Nxd5 11. exd5 O-O
12. Be3 Nd7 13. Qd2 f5 14. Qd1 e4 15. Be2 f4 16. Bc1 Nb6 17. Bg4 Bxd5 18. Nd4
Rf6 19. b3 Kh8 20. Bb2 Rf7 21. Be6 Bxe6 22. Nxe6 Qg8 23. Nxg7 Rxg7 {
Nguyen Quoc Thanh-Bui Trung Hieu Phu Dong 2004 0-1 (35)}) 9... Be7 10. Bxf6
Bxf6 11. Nd5 $146 (11. O-O O-O 12. Qe2 Nc6 13. Nd5 Bg5 14. Rad1 Ne7 15. Nxe7+
Qxe7 16. g3 Qc7 17. Bg2 b4 18. f4 exf4 19. gxf4 Bf6 20. Rf3 Bxb2 21. Rh3 f5 22.
exf5 Rae8 23. Qd3 Qb6+ 24. Kh1 Bxg2+ 25. Kxg2 h6 {
Tran Minh Tung-Bui Tuan Phong Ha Tinh 2000 0-1 (43)}) (11. a4 b4 12. Nd5 a5 $11
) 11... Nd7 $11 12. O-O O-O 13. a4 (13. Ne3 Nb6 14. Na5 Bc8 $11) 13... Nc5 (
13... Bxd5 $142 $5 14. exd5 b4 $15) 14. Nxf6+ (14. Nxc5 dxc5 15. Qe2 Bxd5 16.
exd5 Rb8 $11) 14... Qxf6 $11 15. Nxc5 dxc5 16. axb5 axb5 17. Rxa8 Rxa8 18. Qe2
Rd8 19. Ra1 (19. Qxb5 $4 Ba6 20. Qa5 Bxf1 21. Kxf1 Re8 $19) 19... Qb6 20. Qe3
b4 21. h3 h6 22. Be2 Rd4 23. f3 Kh7 24. Kh2 Kg8 25. Qb3 (25. c3 bxc3 26. bxc3
Rd7 $11) 25... Qf6 (25... Rd2 26. Bf1 $11) 26. Qe3 Qb6 1/2-1/2

[Event "Alternates Cup"]
[Site "?"]
[Date "1971.02.14"]
[Round "3"]
[White "VanDeene, G."]
[Black "Bailey, B."]
[Result "1/2-1/2"]
[WhiteElo "2008"]
[BlackElo "1997"]
[Annotator "Stockfish 13 (15s)"]
[PlyCount "75"]
[EventDate "1971.??.??"]

{A00: Irregular Openings} 1. b4 d5 2. Bb2 e6 3. e3 Nf6 4. b5 a6 5. a4 axb5 6.
axb5 Rxa1 7. Bxa1 Nbd7 8. Nf3 (8. c4 Nb6 9. Qc2 dxc4 10. Bd4 Nfd5 11. Bxc4 Nb4
12. Qb3 Nxc4 13. Qxc4 e5 14. Bc3 Be6 15. Qe4 f5 16. Qf3 Nd3+ 17. Kf1 Nc5 18.
Qe2 e4 19. Na3 Qd5 20. Qd1 Qa2 21. Qa1 Qxa1+ 22. Bxa1 Nb3 {
Saarenpaa,T-Julkunen,T Finland 2006 0-1 (82)}) 8... Bd6 9. Be2 $146 (9. d4 c5
10. bxc6 bxc6 11. Nbd2 O-O 12. c4 Ba6 13. Qa4 Qa8 14. Qd1 Bb4 15. cxd5 cxd5 16.
Bb2 Ne4 17. Qa1 Bxf1 18. Qxa8 Rxa8 19. Rxf1 Ra2 20. Bc1 Nb6 21. Kd1 Nc3+ 22.
Ke1 Rc2 {0-1 (22) Van der Lijn,D-Crabbendam,H Amsterdam 1964}) (9. c4 c6 10.
Nc3 O-O 11. bxc6 bxc6 12. Nd4 Bb7 13. Be2 Bb8 14. cxd5 cxd5 15. f4 e5 16. fxe5
Nxe5 17. O-O Ne4 18. Qe1 Qd6 19. Nxe4 dxe4 20. Qh4 Ng6 21. Qh5 Ne7 22. Bc3 Ba6
23. Bxa6 Qxa6 {
Welling,G (2393)-Slobodjan,R (2521) Bad Wiessee 2002 1/2-1/2 (43)}) 9... O-O
10. O-O e5 11. d3 Re8 12. Nbd2 e4 13. Nd4 Nc5 14. N2b3 Qe7 15. Nxc5 Bxc5 16. c4
Bd6 17. cxd5 Nxd5 18. dxe4 Qxe4 19. Bd3 (19. Bf3 Qe5 20. g3 Nf6 $11) 19... Qh4
$11 20. Nf3 Qh5 21. Bc4 Nb6 (21... Nf6 22. Bxf6 gxf6 23. Qd5 Qxd5 24. Bxd5 $11)
22. Qd4 Qh6 23. Be2 Rd8 (23... Be6 24. Rc1 $11) 24. Qh4 (24. g3 $5 $14) 24...
Qxh4 $11 25. Nxh4 Be7 (25... Be6 26. Bd4 $11) 26. Nf3 Be6 27. Nd4 Bc4 28. Bxc4
Nxc4 29. g3 g6 30. Rc1 Ra8 31. Nb3 (31. Rxc4 Rxa1+ 32. Kg2 Bd6 $11) 31... Na5 (
31... Ra4 $5 $17) 32. Nd4 c6 33. bxc6 bxc6 34. Bc3 c5 35. Bxa5 cxd4 (35... Rxa5
$4 36. Nc6 Ra6 37. Nxe7+ Kf8 38. Nd5 $18) 36. Bb6 d3 37. Rd1 Ra3 38. e4 1/2-1/2

[Event "Ladder Game"]
[Site "?"]
[Date "1971.04.27"]
[Round "?"]
[White "Davenport, F."]
[Black "Bailey, B."]
[Result "0-1"]
[WhiteElo "1851"]
[BlackElo "1981"]
[Annotator "Stockfish 14 (15s)"]
[PlyCount "52"]
[EventDate "1971.??.??"]

{C52: Evans Gambit Accepted: 5 c3 Ba5} 1. e4 e5 2. Nf3 Nc6 3. Bc4 Bc5 4. b4
Bxb4 5. c3 Ba5 6. O-O Nf6 7. d4 d6 (7... Nxe4 8. dxe5 O-O 9. Qc2 d5 10. exd6
Nxd6 11. Rd1 h6 12. Ba3 Qf6 13. Bd5 Ne7 14. Bc5 Bb6 15. Bxd6 cxd6 16. Bb3 Bg4
17. Nbd2 d5 18. h3 Bh5 19. Re1 Rac8 20. Rac1 Bg6 21. Qb2 Rfd8 22. Nf1 {
Stojanovic,Z (2200)-Pavlovic,B (2200) Bor 1983 0-1 (37)}) 8. Bg5 (8. d5 Ne7 9.
Qa4+ c6 10. Re1 O-O 11. Bg5 b5 12. Bxb5 cxb5 13. Qxb5 Bd7 14. Qd3 Ne8 15. Nfd2
f6 16. Bh4 Ng6 17. Bg3 Nc7 18. Nf3 Bb5 19. Qc2 Rb8 20. Nbd2 Qd7 21. a4 Ba6 22.
Nb3 Bb6 {Fittkau,N (1253)-Sancar,A (992) Willingen 2004 1-0 (55)}) 8... Bb6
$146 (8... Bd7 9. Qb3 O-O 10. Rd1 Bb6 11. dxe5 Bxf2+ 12. Kf1 Qe8 13. exf6 Na5
14. Qc2 Nxc4 15. Kxf2 gxf6 16. Bh6 Ba4 17. Qe2 Bxd1 18. Qxc4 Bxf3 19. gxf3 Qe5
20. Bxf8 Qxh2+ 21. Ke3 Qg1+ 22. Kd2 Rxf8 23. Qe2 {
Silva,M-Bendezu,J Lima 2002 1-0}) (8... h6 9. Bh4 O-O 10. Qb3 Bb6 11. Rd1 Bg4
12. Rd3 exd4 13. cxd4 Bxf3 14. e5 d5 15. exf6 dxc4 16. Qxc4 Bd5 17. Qc1 Bxd4
18. Rg3 Bxf6 19. Qxh6 Be6 20. Bxf6 Qd1# {
0-1 (20) Huennekes,S-Guenter,T Niederrhein 1997}) 9. dxe5 dxe5 (9... Nxe5 $5
10. Nxe5 dxe5 11. Qxd8+ Kxd8 12. Bxf7 h6 13. Bxf6+ gxf6 $17) 10. Qxd8+ $15 Kxd8
11. Bxf6+ $2 (11. Bxf7 $142 h6 12. Bxf6+ gxf6 13. Nh4 $11) 11... gxf6 $17 12.
Bxf7 Ke7 13. Bd5 Na5 14. Nbd2 c6 15. Bb3 Nxb3 16. axb3 Be6 17. Nh4 (17. Nc4 Bc7
18. Rfc1 a5 $17) 17... Rhg8 (17... Kd6 $142 $19) 18. Kh1 $2 (18. Nf5+ $142 Kd7
19. Nc4 Bxc4 20. bxc4 $17) 18... Rad8 $19 19. Nhf3 (19. Nc4 Bxc4 20. Nf5+ Kd7
21. bxc4 Kc7 $19) 19... Rd3 20. c4 (20. Rac1 $19) 20... Rgd8 21. Ra2 (21. b4 c5
22. bxc5 Bxc5 $19) 21... Bc5 22. Kg1 a6 (22... Bb4 $142 23. Rxa7 R8d7 24. Ra8
Bxd2 25. Rh8 $19) 23. Rd1 (23. Rb1 Bb4 24. Rbb2 $19) 23... Bg4 24. Kf1 (24. Rf1
Bb4 $19) 24... Bb4 25. Ke1 (25. Re1 Bxd2 26. Rxd2 Rxd2 27. Nxd2 Rxd2 $19) 25...
Bxf3 26. gxf3 b6 (26... b6 27. Rxa6 Rxb3 $19) 0-1

[Event "Puget Sound Open"]
[Site "?"]
[Date "1971.05.08"]
[Round "1"]
[White "Smith, K."]
[Black "Bailey, B."]
[Result "1/2-1/2"]
[WhiteElo "1721"]
[BlackElo "1958"]
[Annotator "Stockfish 14 (15s)"]
[PlyCount "115"]
[EventDate "1971.??.??"]

{D20: Queen's Gambit Accepted: 3 e3 and 3 e4} 1. d4 d5 2. e3 Nf6 3. c4 dxc4 4.
Bxc4 g6 5. Qb3 e6 6. Nf3 Bg7 7. O-O O-O 8. Nc3 Nc6 9. Bd3 $146 (9. Qc2 Nb4 (
9... a6 10. a3 b5 11. Ba2 Bb7 12. Rd1 Rb8 13. b4 a5 14. bxa5 Nxa5 15. e4 Ba8
16. Bg5 h6 17. Bh4 Qc8 18. Rac1 Re8 19. d5 exd5 20. Bxf6 Bxf6 21. Nxd5 Bd8 22.
e5 Nc4 23. Bxc4 bxc4 24. Qxc4 {
Groszpeter,A (2480)-Johansen,D (2440) Berlin West 1984 1/2-1/2 (76)}) 10. Qe2
a5 11. a3 Na6 12. Rd1 c6 13. e4 b5 14. Ba2 b4 15. Na4 Qc7 16. Bd2 Qa7 17. Bf4
Rd8 18. Rac1 Bb7 19. Bb1 Rd7 20. h3 bxa3 21. bxa3 Bf8 22. Qb2 Rad8 23. Nb6 Bxa3
{Jenei,F-Dely,P Budapest  1955 1-0 (53)}) (9. Be2 b6 10. Rd1 Bb7 11. e4 h6 12.
a3 g5 13. h3 Ne7 14. Qc2 Ng6 15. Be3 Qe7 16. Rac1 Rac8 17. e5 Nd5 18. Nxd5 Bxd5
19. Ba6 Rcd8 20. Qe2 c6 21. Bc4 Qd7 22. Bxd5 cxd5 23. Qd2 Rc8 {
Ushenina,A (2389)-Romanishin,O (2570) Rivne 2005 1-0 (40)}) (9. Bb5 Nd7 10. Rd1
Na5 11. Qa3 c6 12. Be2 b5 13. Bd2 Nc4 14. Bxc4 bxc4 15. Ne4 a5 16. Rac1 Re8 17.
Bb4 Bb7 18. Bc5 Ba6 19. Nd6 Rf8 20. Nxc4 Nxc5 21. Qxc5 Qc7 22. Nxa5 Rfc8 23. b4
Be2 {Carlhammar,M (2335)-Sznapik,K (2230) Stockholm 1987 1/2-1/2 (35)}) (9. Bb5
Qd6 10. Rd1 a6 $16) 9... b6 (9... e5 10. Nxe5 Nxe5 11. dxe5 $11) 10. Bd2 (10.
Rd1 $5 $16) 10... Bb7 $14 11. Ne4 $4 (11. Rfd1 $142 $14) 11... Nxe4 $19 12.
Bxe4 Nxd4 13. Nxd4 Bxe4 14. Bc3 (14. f3 Bd5 15. Qc2 $19) 14... Qd5 (14... Qg5
$142 15. g3 e5 $19) 15. f3 Qxb3 16. axb3 Bxd4 $4 (16... Bb7 $142 $19) 17. Bxd4
$11 Bb7 (17... Bd3 18. Rfc1 f6 19. Rxc7 e5 $11) 18. b4 $4 (18. Bf6 e5 19. e4
Rfe8 $14) 18... a6 (18... f6 $142 $15) 19. Rac1 Rac8 20. Rc2 (20. Bf6 $142 $5
$16) 20... f6 $15 21. e4 (21. f4 Be4 22. Rc3 g5 $15) 21... e5 (21... Rcd8 22.
Rxc7 Rxd4 23. Rxb7 Rxb4 24. Rd1 $11) 22. Bf2 (22. Be3 Rf7 23. Rfc1 b5 $11)
22... b5 (22... Rf7 23. Rd1 $15) 23. Rd1 $11 Rfd8 24. Rcd2 Rxd2 25. Rxd2 Bc6
26. Kf1 Kf7 27. Rd1 (27. Rc2 Bb7 $11) 27... Ke8 (27... f5 28. exf5 gxf5 29. Re1
$11) 28. Bh4 g5 29. Bf2 g4 30. Ke2 (30. fxg4 Bxe4 {Deflection}) 30... Rd8 31.
Rxd8+ Kxd8 32. Ke3 gxf3 33. gxf3 Ke7 34. Ke2 Ke6 35. Bh4 Bb7 36. Bf2 f5 37. Kd3
Bc6 38. exf5+ Kxf5 39. Ke3 Bd5 40. Bh4 Ke6 41. Bd8 Kd6 42. Bf6 Bb7 43. f4 exf4+
44. Kxf4 c5 45. bxc5+ Kxc5 46. Be7+ Kc4 47. b4 a5 48. bxa5 b4 49. Bf6 Kb5 50.
Ke3 Kxa5 51. Kd2 Ka4 52. Kc1 Ka3 53. Be7 Kb3 54. Bf6 Ka2 55. h4 h5 56. Bh8 b3
57. Bf6 Be4 58. Bh8 1/2-1/2

[Event "Puget Sound Open"]
[Site "?"]
[Date "1971.05.08"]
[Round "2"]
[White "Bailey, B."]
[Black "Banks, D."]
[Result "1-0"]
[WhiteElo "1958"]
[BlackElo "2058"]
[Annotator "Stockfish 14 (15s)"]
[PlyCount "57"]
[EventDate "1971.??.??"]

{B01: Scandinavian Defence} 1. e4 d5 2. exd5 Nf6 3. d4 Nxd5 4. c4 Nf6 5. Nc3
Nc6 6. Nf3 (6. d5 Ne5 7. Qd4 Ng6 8. Be3 Ng4 9. O-O-O Nxe3 10. Qxe3 h5 11. Bd3
Nh4 12. Qg5 e6 13. Qxd8+ Kxd8 14. dxe6 Bxe6 15. g3 c6 16. gxh4 Kc7 17. Nge2 Be7
18. Nd4 Bg4 19. f3 Bh3 20. Bf5 Bxf5 {
Mindeguia Guruceaga,J (2217)-Cuero Reid,M Vitoria 2003 1-0 (32)}) (6. Be3 Bf5
7. Nf3 e6 8. Be2 Be7 9. O-O O-O 10. Rc1 Ng4 11. Bf4 g5 12. Bg3 h5 13. h3 Nh6
14. d5 exd5 15. cxd5 Nb4 16. a3 Nc2 17. Rxc2 Bxc2 18. Qxc2 h4 19. Be5 f5 20.
Nd4 Qd7 {Hardy,R (2020)-Parkinson,A (1650) West Bromwich 2006 1-0}) 6... Bg4 7.
d5 Bxf3 $146 (7... Ne5 8. Be2 Nxf3+ 9. Bxf3 Bxf3 10. Qxf3 Qd7 11. O-O O-O-O 12.
Be3 Kb8 13. Bxa7+ Kxa7 14. Nb5+ Kb8 15. Qe3 Qg4 16. Qc5 Ne8 17. Qa7+ Kc8 18.
Qa8+ Kd7 19. Qxb7 Qg6 20. c5 Rc8 21. Na7 Rd8 22. c6+ {
Bettini,M (1911)-Rostolis,R (1966) Bergamo 2005 1-0}) (7... Ne5 $142 8. Be2
Bxf3 9. Bxf3 g6 $18) 8. Qxf3 $4 (8. gxf3 $142 Ne5 9. Bf4 Ng6 $18) 8... Ne5 $4 (
8... Nd4 $142 9. Qd3 e5 $16) 9. Qg3 (9. Qe2 $142 Ned7 10. Bf4 $18) 9... Nfd7 $4
(9... Ng6 10. Be3 e6 11. dxe6 Bd6 12. exf7+ Kxf7 $18) 10. Bf4 f6 11. Be2 g6 12.
Nb5 (12. O-O-O $142 Bg7 13. h4 O-O $18) 12... c6 13. dxc6 (13. Nd4 $5 cxd5 14.
Ne6 Qa5+ 15. Bd2 Qb6 16. cxd5 Nc5 17. Nxc5 Qxc5 $18) 13... bxc6 14. Nd4 Qb6 15.
Nb3 (15. Rd1 $5 c5 16. Nb5 Bg7 $18) 15... Bg7 (15... c5 16. Rd1 $16) 16. O-O
O-O (16... c5 $16) 17. Rfd1 a5 (17... c5 18. Be3 Qc7 19. Rd2 $18) 18. Rd2 (18.
c5 $142 $5 Qb7 19. Rac1 $18) 18... a4 $16 19. Nd4 Nc5 20. Bf3 $4 (20. Qe3 $142
Rad8 21. Rad1 $16) 20... Nxf3+ $19 21. Qxf3 e5 22. Nxc6 exf4 23. Rd6 (23. Ne7+
Kh8 24. Rad1 f5 $19) 23... Qxb2 24. Qd5+ Kh8 25. Rd1 Na6 (25... Qa3 $142 26.
Nd8 Ra7 $19) 26. Nd8 Ra7 27. Ne6 (27. h4 Qe5 28. Qd2 $19) 27... Re8 $4 (27...
Rg8 $142 28. Qb5 Qxb5 29. cxb5 Nb8 $19) 28. Rd8 $18 Rae7 (28... Qb8 29. Rxb8
Nxb8 $18) 29. Qd7 $3 (29. Qd7 Bf8 30. Qxe7 Qb8 31. Rxe8 Qxe8 32. Qxe8 h5 33.
Qxf8+ Kh7 34. Rd7#) 1-0

[Event "Puget Sound Open"]
[Site "?"]
[Date "1971.05.08"]
[Round "3"]
[White "Eggertsen, J."]
[Black "Bailey, B."]
[Result "1-0"]
[WhiteElo "1937"]
[BlackElo "1958"]
[Annotator "Stockfish 14 (15s)"]
[PlyCount "67"]
[EventDate "1971.??.??"]

{D20: Queen's Gambit Accepted: 3 e3 and 3 e4} 1. d4 d5 2. c4 dxc4 3. Nc3 a6 4.
a4 Nc6 5. e3 Na5 6. Nf3 Bg4 7. Be2 (7. h3 Bxf3 8. Qxf3 e6 9. Bd2 c6 10. Be2 Nf6
11. O-O Be7 12. Rad1 O-O 13. Ne4 b5 14. Nxf6+ Bxf6 15. Qg3 Nb3 16. Bc3 Qe7 17.
e4 b4 18. Be1 Nxd4 19. Bxc4 Qc5 20. Bd3 a5 21. Rc1 Qxc1 {
Prihastomo,I (2320)-Ardiansyah,H (2415) Jakarta  1997 0-1}) 7... e6 (7... Bxf3
8. Bxf3 c6 9. O-O e6 10. Bd2 Nf6 11. Qe2 Nd5 12. Nxd5 cxd5 13. Bc3 f5 14. Qc2
Bd6 15. g3 Nc6 16. Bg2 b5 17. axb5 axb5 18. b4 O-O 19. Rxa8 Qxa8 20. Ra1 Qb7
21. Qb2 Ra8 22. f3 {
Sanchez Rodenas,J (1865)-Picazo Lopez,J (2116) Cullera 2005 0-1 (31)}) 8. O-O
$146 (8. Ne5 Bxe2 9. Qxe2 Bb4 10. O-O Nf6 11. Nxc4 O-O 12. Nxa5 Bxa5 13. Bd2
Bxc3 14. Bxc3 Qd5 15. f3 Rfd8 16. e4 Qg5 17. Bd2 Qh5 18. Be3 Rd7 19. Rfe1 Qa5
20. Qc4 c6 21. b4 Qd8 22. Rab1 Ne8 {
Samani,S-Levushkina,E (2103) Oropesa del Mar 2000 1-0 (34)}) 8... Nf6 9. Ne5
Bxe2 10. Qxe2 Bd6 (10... c5 $142 11. dxc5 Nb3 $11) 11. e4 $4 (11. Nxc4 $142
Nxc4 12. Qxc4 $11) 11... Nb3 $19 12. Be3 (12. Bf4 Nxa1 13. Rxa1 Nd7 14. Qxc4
Qf6 15. Nxd7 Qxf4 $19 (15... Kxd7 $6 16. Bxd6 cxd6 17. e5 $11)) 12... Nxa1 13.
Rxa1 Bxe5 14. dxe5 Nd7 15. Qg4 (15. f4 g5 $1 16. Qxc4 Nb6 $19) 15... Nxe5 (
15... Rg8 $142 16. Bg5 Nxe5 17. Qh5 $19) 16. Qxg7 Ng6 17. Rd1 (17. a5 Qe7 18.
Qd4 Qd6 $19) 17... Qe7 18. f4 (18. h4 Qxh4 19. Rd4 Rd8 $19) 18... f6 19. Qh6
Rd8 20. Rxd8+ (20. Re1 Kd7 21. f5 Ne5 22. fxe6+ Kc8 $19) 20... Kxd8 21. f5 (21.
g3 f5 $19) 21... Ne5 (21... exf5 $142 $5 22. exf5 Nh4 23. Bf2 Nxf5 24. Qd2+ Qd7
25. Qd5 Qxd5 26. Nxd5 $19) 22. Bd4 (22. h3 exf5 23. Nd5 Qd6 24. exf5 Nd7 $19)
22... exf5 23. Nd5 Ng4 (23... Qd6 $142 24. Qxf6+ Qxf6 25. Nxf6 Nc6 $19) 24. Qf4
(24. Nxe7 $142 Nxh6 25. Bxf6 $19) 24... Qd6 25. Qxf5 Qxh2+ $4 (25... Ne5 $142
26. h3 Rf8 27. Qxh7 c6 28. Bb6+ Kc8 29. Ne7+ Kb8 $19) 26. Kf1 $15 Qh1+ 27. Bg1
$4 (27. Ke2 Qxg2+ 28. Kd1 Qh1+ 29. Kd2 Qh2+ 30. Kc1 Qh1+ 31. Kc2 $15) 27... Qh4
(27... Rg8 $142 28. Qf4 Rg7 $19) 28. Qf4 $11 Ke8 $4 (28... Nh2+ $142 $1 29.
Bxh2 Qxf4+ 30. Bxf4 c6 31. Nxf6 Ke7 $11) 29. Qxc7 $18 f5 30. Qc8+ Kf7 31. Qd7+
Kg6 32. Qe6+ Nf6 (32... Kh5 33. Qf7+ Kh6 $18) 33. exf5+ Kg7 (33... Kh5 34.
Nxf6+ Qxf6 35. Qxf6 Re8 36. Qg7 c3 37. g4+ Kh4 38. Bf2+ Kh3 39. Qg5 Re1+ 40.
Bxe1 c2 41. Qh4#) 34. Qe7+ (34. Qe7+ Kh6 35. Be3+ Kh5 36. Nxf6+ Qxf6 37. Qxf6
Rg8 38. Qh6+ Kg4 39. Qh3#) 1-0

[Event "Puget Sound Open"]
[Site "?"]
[Date "1971.05.09"]
[Round "4"]
[White "Bailey, B."]
[Black "Williams, D."]
[Result "1/2-1/2"]
[WhiteElo "1958"]
[BlackElo "2096"]
[Annotator "Stockfish 14 (15s)"]
[PlyCount "62"]
[EventDate "1971.??.??"]

{B73: Sicilian Dragon: Classical System without 9 Nb3} 1. e4 c5 2. Nf3 Nc6 3.
d4 cxd4 4. Nxd4 Nf6 5. Nc3 d6 6. Be2 g6 7. Be3 Bg7 8. Qd2 Ng4 9. Bxg4 Bxg4 10.
f3 Bd7 11. Nxc6 bxc6 12. Bd4 O-O 13. O-O Bxd4+ 14. Qxd4 Qb6 15. Qxb6 axb6 16.
a4 $146 Ra7 17. Ra3 Be6 18. Kf2 Rfa8 19. Rfa1 Bc4 20. Ke3 b5 $4 (20... f5 $142
$11) 21. axb5 $18 Rxa3 22. Rxa3 (22. bxa3 $6 cxb5 23. a4 Ra5 $11) 22... Rxa3 (
22... Rc8 23. bxc6 Rxc6 24. Ra5 $18) 23. bxa3 cxb5 24. a4 (24. Nd5 $142 Kf8 25.
Nb6 $18) 24... bxa4 $11 25. Nxa4 Kg7 26. Nb2 Bf1 27. g3 Kf6 28. Nd3 h5 29. Kf2
Bh3 30. c4 Be6 31. c5 dxc5 1/2-1/2